Movies Quiz

Random Movies or Clickable Quiz
Score 0/10 Timer 01:30
0 Plays Today
% Correct
The Dirty Dozen (1967)
94%
Kelly's Heroes (1970)
76%
On Her Majesty's Secret Service (1969)
76%
Capricorn One (1977)
74%
Beyond the Poseidon Adventure (1979)
70%
Birdman of Alcatraz (1962)
68%
The Assassination Bureau (1969)
64%
Pretty Maids All in a Row (1971)
54%
Mackenna's Gold (1969)
52%
The Scalphunters (1968)
52%
Remove Ads.
Support Sporcle.
Get the best of Sporcle when you Go Orange. This ad-free experience offers more features, more stats, and more fun while also helping to support Sporcle. Thank you for becoming a member.

You're not logged in!

Compare scores with friends on all Sporcle quizzes.
OR
Log In

Show Comments

Extras

Top Quizzes Today


Score Distribution

Your Account Isn't Verified!

In order to create a playlist on Sporcle, you need to verify the email address you used during registration. Go to your Sporcle Settings to finish the process.

Report this User

Report this user for behavior that violates our Community Guidelines.

Details: